Battle of Castle Itter Quiz - Statistics

General Stats
  • This quiz has been taken 3 times
  • The average score is 8 of 12
Answer Stats
Hint Answer % Correct
Year it occurred 1945
100%
Who won Defenders
100%
Village it happened in Itter
100%
Attackers Waffen-SS
100%
Defenders Wehrmacht, Americans,POWs, Austrian resistance
100%
Cause of divisions amongGerman troops Adolf Hitler's Death
67%
Leader of the Americans John Lee Jr.
67%
Leader of the Wehrmacht Josef Gangl
67%
American division 12th Armored Division
33%
Waffen-SS division 17th SS PanzergrenadierDivision
33%
Leader of the Waffen-SS Georg Bochmann
33%
French tennis player whoalerted the Americans Jean Borotra
33%
No matching quizzes found
Score Distribution
Percent of People with Each Score
Percentile by Number Answered
Your Score History
You have not taken this quiz